000 00532nam a22001937a 4500
005 20260409134711.0
008 260409b |||||||| |||| 00| 0 eng d
037 _cDSWL
040 _aDSWL
_cDSWL
041 _heng
100 _aPadel, Felix
_91234508
245 _aEcology, Economy
260 _aHyderabad,
_bOrient Blackswan Publisher,
_c2013
300 _a315p
365 _aINR
_b850
700 _aAjay Dandekar & Jeemol Unni
_91234509
942 _2CC
_cTEXL
_n0
999 _c1848173
_d1848173